9 chiến lược học tiếng Anh thành công cho người Việt : Vì sự thành công của người Việt trong môi trường toàn cầu hóa

Quyển sách đề cập đến 9 chiến lược học tiếng Anh thành công rất hấp dẫn và tạo thêm niềm tin cho những người còn e ngại với việc học tiếng Anh.

Wedi'i Gadw mewn:
Manylion Llyfryddiaeth
Prif Awdur: Victoria Quỳnh Giang
Fformat: Llyfr
Iaith:Undetermined
Cyhoeddwyd: Hà Nội Phụ nữ 2016
Pynciau:
Tagiau: Ychwanegu Tag
Dim Tagiau, Byddwch y cyntaf i dagio'r cofnod hwn!
Thư viện lưu trữ: Trung tâm Học liệu Trường Đại học Cần Thơ
LEADER 00976nam a2200217Ia 4500
001 CTU_211091
008 210402s9999 xx 000 0 und d
020 |c 60000 
082 |a 428.24 
082 |b V646 
100 |a Victoria Quỳnh Giang 
245 0 |a 9 chiến lược học tiếng Anh thành công cho người Việt : 
245 0 |b Vì sự thành công của người Việt trong môi trường toàn cầu hóa 
245 0 |c Victoria Quỳnh GIang 
260 |a Hà Nội 
260 |b Phụ nữ 
260 |c 2016 
520 |a Quyển sách đề cập đến 9 chiến lược học tiếng Anh thành công rất hấp dẫn và tạo thêm niềm tin cho những người còn e ngại với việc học tiếng Anh. 
650 |a Tiếng Anh,English language 
904 |i Trương Thị Kiều Trinh,Hải 
980 |a Trung tâm Học liệu Trường Đại học Cần Thơ